Timothée Chalamet en 15 films - Statistiques

Statistiques générales
  • Ce quiz a été pris 138 fois
  • Le résultat moyen est 7 sur 15
Statistiques - réponses
Année Rôle Film % Correct
2021 Paul Atréides Dune
95%
2023 Willy Wonka Wonka
88%
2017 Elio Perlman Call me by your name
85%
2018 Nic Sheff My beautiful boy
52%
2019 "Laurie" Laurence Les filles du docteur March
51%
2022 Lee Bones and all
49%
2017 Kyle Scheible Lady bird
48%
2014 Tom Cooper, jeune Interstellar
44%
2019 Henry V Le roi
39%
2024 Paul Atréides Dune, deuxième partie
31%
2021 Zeffirelli B The French Dispatch
28%
Prochainement Bob Dylan A complete unknown
18%
2019 Gatbsy Welles Un jour de pluie à New-York
13%
2017 Daniel Middleton Chaudes nuits d'été
12%
2021 Yule Don't look up : Déni cosmique
9%
Aucun quiz correspondant
Distribution des résultats
% des personnes avec chaque résultat
Percentile par nombre de réponses
Votre historique - résultats
Vous n’avez pas pris ce quiz